National Anthem of East Timor - ''Pátria" - Statistics

General Stats
  • This quiz has been taken 5 times
  • The average score is 21 of 66
Answer Stats
Answer % Correct
e
100%
e
100%
Pátria,
100%
Pátria,
100%
Pátria,
100%
Pátria,
100%
à
50%
à
50%
ao
50%
ao
50%
aos
50%
aos
50%
da
50%
da
50%
e
50%
Glória
50%
Glória
50%
heróis
50%
heróis
50%
libertação.
50%
libertação.
50%
Nação.
50%
Nação.
50%
nossa
50%
nossa
50%
nossa
50%
nossa
50%
o
50%
o
50%
o
50%
o
50%
povo
50%
povo
50%
Timor-Leste,
50%
Timor-Leste,
50%
Abaixo
0%
até
0%
Avante
0%
caminho
0%
colonialismo,
0%
contra
0%
da
0%
decididos.
0%
dos
0%
exploração.
0%
final.
0%
firmes
0%
gritamos:
0%
imperialismo.
0%
imperialismo,
0%
inimigo
0%
livre,
0%
livre,
0%
luta
0%
Na
0%
não,
0%
não,
0%
não
0%
Pelo
0%
povo
0%
povos,
0%
revolução.
0%
Terra
0%
unidos
0%
Vencemos
0%
vitória
0%
No matching quizzes found
Score Distribution
Percent of People with Each Score
Percentile by Number Answered
Your Score History
You have not taken this quiz